Professional English for Electrical Power Engineering. Part 1. RelayProtection: электронный курс

Dades bibliogràfiques
Autor principal: Ruban N. Yu. Nikolay Yurievich
Autor corporatiu: Национальный исследовательский Томский политехнический университет Инженерная школа энергетики Отделение электроэнергетики и электротехники
Sumari:Заглавие с экрана
Этот курс на английском языке готовит студентов к применению анализа цепей и связанных с ним лабораторных методов в передовых исследованиях и профессиональной практике. Цели курса: представить всестороннее и строгое рассмотрение основ электротехники. Основные темы: анализ цепей постоянного и переменного тока; синусоиды и фазоры; переходные процессы; частотный отклик; нелинейные схемы; выпрямители; трехфазное питание; Y - ∆ преобразования; знакомство с полупроводниковыми приборами. Курс предназначен для студентов 3 курса, профиль дисциплины "Релейная защита и автоматизация электроэнергетических систем".
Доступ по логину и паролю
Idioma:rus
anglès
Publicat: Томск, TPU Moodle, 2021
Matèries:
Accés en línia:https://design.lms.tpu.ru/course/view.php?id=4307
Format: MixedMaterials Electrònic Llibre
KOHA link:https://koha.lib.tpu.ru/cgi-bin/koha/opac-detail.pl?biblionumber=665725

MARC

LEADER 00000nlm0a2200000 4500
001 665725
005 20240126130320.0
035 |a (RuTPU)RU\TPU\network\36929 
035 |a RU\TPU\network\36926 
090 |a 665725 
100 |a 20211110d2021 m y0rusy50 ba 
101 0 |a rus  |a eng 
102 |a RU 
105 |a a j 000zy 
135 |a jrcn ---uucaa 
181 0 |a i  
182 0 |a b 
200 1 |a Professional English for Electrical Power Engineering. Part 1. RelayProtection  |e электронный курс  |f N. Yu. Ruban  |g Национальный исследовательский Томский политехнический университет, Инженерная школа энергетики, Отделение электроэнергетики и электротехники 
203 |a Текст  |c электронный 
210 |a Томск  |c TPU Moodle  |d 2021 
300 |a Заглавие с экрана 
330 |a Этот курс на английском языке готовит студентов к применению анализа цепей и связанных с ним лабораторных методов в передовых исследованиях и профессиональной практике. Цели курса: представить всестороннее и строгое рассмотрение основ электротехники. Основные темы: анализ цепей постоянного и переменного тока; синусоиды и фазоры; переходные процессы; частотный отклик; нелинейные схемы; выпрямители; трехфазное питание; Y - ∆ преобразования; знакомство с полупроводниковыми приборами. Курс предназначен для студентов 3 курса, профиль дисциплины "Релейная защита и автоматизация электроэнергетических систем". 
333 |a Доступ по логину и паролю 
606 1 |a Английский язык  |x Учебные руководства и пособия  |x Книги для чтения по различным специальностям. Технические хрестоматии  |2 stltpush  |3 (RuTPU)RU\TPU\subj\29076  |9 52488 
610 1 |a электронный ресурс 
610 1 |a труды учёных ТПУ 
610 1 |a электронное обучение 
610 1 |a электронные курсы ТПУ 
610 1 |a электронные учебные пособия 
610 1 |a учебные пособия 
686 |a Ш143.21-923.81  |2 rubbk 
700 1 |a Ruban  |b N. Yu.  |c specialist in the field of electric power engineering  |c Associate Professor of Tomsk Polytechnic University, Candidate of Sciences  |f 1988-  |g Nikolay Yurievich  |3 (RuTPU)RU\TPU\pers\34749  |9 18099 
712 0 2 |a Национальный исследовательский Томский политехнический университет  |b Инженерная школа энергетики  |b Отделение электроэнергетики и электротехники  |3 (RuTPU)RU\TPU\col\23505 
801 2 |a RU  |b 63413507  |c 20220420  |g RCR 
856 4 |u https://design.lms.tpu.ru/course/view.php?id=4307 
942 |c CF